Screening /

Gardado en:
Detalles Bibliográficos
Autor Principal: Potton, Arthur
Outros autores: Wrigley, Jack
Formato: Libro
Idioma:English
Publicado: London : Macmillan, 1983.
Series:Guides to assessment in education.
Subjects:
LEADER 01027nam a2200289 i 4500
001 c000407122
003 CARM
005 00000000000000.0
008 831213s1983 enka 00110 eng d
015 |a b8341899 
019 1 |a 3173048 
020 |a 0333326822 (pbk) :  |c £2.95 
040 |a VDU  |c VDU 
050 0 0 |a LB1050.46 
082 0 4 |a 428.4071  |2 19 
100 1 |a Potton, Arthur. 
245 1 0 |a Screening /  |c Arthur Potton ; general editor Jack Wrigley. 
260 |a London :  |b Macmillan,  |c 1983. 
300 |a viii, 62 p. :  |b ill. ;  |c 21cm. 
490 0 |a Guides to assessment in education. 
500 |a Schools. Students. Reading skills. Assessment (BNB/PRECIS) 
504 |a Bibliography: p59-61. - Includes index. 
650 0 |a Reading  |x Ability testing. 
700 1 |a Wrigley, Jack. 
852 8 |b CARM  |h A3:AF27A0  |i B12045  |p 0583402  |f BK 
999 f f |i f52cbf5e-be46-5baf-8160-a7c5cc89936f  |s 317730f1-60a5-51fd-9785-d00730f6ee9f 
952 f f |p Can circulate  |a CAVAL  |b CAVAL  |c CAVAL  |d CARM 1 Store  |e B12045  |f A3:AF27A0  |h Other scheme  |i book  |m 0583402